Children's Book Characters Quiz Stats

 Plays Quiz Updated Apr 28, 2021

Support Sporcle.
Go Orange.
Score 0/25 Timer 06:00
10 Plays Today
Number Character % Correct
7.Tigger
96.3%
21.Wally/Waldo
95.4%
3.The Cat in the Hat
94.9%
18.Thomas the Tank Engine
94.8%
25.Clifford the Big Red Dog
88.5%
8.Curious George
85.4%
12.Arthur
82.5%
17.Peter Rabbit
81.4%
4.Spot the Dog
68%
5.Paddington Bear
66.2%
11.Berenstain Bears
63.4%
13.Madeline
62%
6.Raggedy Ann
57.5%
Number Character % Correct
1.Babar the Elephant
57.5%
24.Rainbow Fish
53%
10.Franklin the Turtle
50.8%
16.Frog and Toad
44.9%
14.Amelia Bedelia
42.6%
2.Angelina Ballerina
38.2%
20.Max and Ruby
35.6%
15.Rupert Bear
27.3%
9.Eloise
25.9%
22.Poky Little Puppy
19.6%
23.Harry the Dirty Dog
17.8%
19.Little Critter
16.7%

From the Vault

Rap Music Artists Slideshow

by beforever

Music 5m
If you're in need of a rhyme, this quiz has the time.
Remove Ads.
Support Sporcle.
Get the best of Sporcle when you Go Orange. This ad-free experience offers more features, more stats, and more fun while also helping to support Sporcle. Thank you for becoming a member.

Show Comments

Extras

Top Quizzes Today


Score Distribution

Your Account Isn't Verified!

In order to create a playlist on Sporcle, you need to verify the email address you used during registration. Go to your Sporcle Settings to finish the process.

Report this User

Report this user for behavior that violates our Community Guidelines.

Details: